01281nas a2200277Ia 4500001001100000003000900011008004100020040001300061040001300074041001300087100003800100210002100138222002100159245009700180250001100277260003600288501008600324300001000410310001200420362003400432500026000466650003600726942000700762999001900769952021500788R022/42999IT-RoPAU151124c99999999xx |||||||||||| ||und|| aIT-RoPAU cIT-RoPAU aITALIANO aAA.VV. gCodice Aut. SPICS: 12000 aINFORMAZIONI MCS aInformazioni Mcs aINFORMAZIONI MCS, ANNO 18-N.01 (GENNAIO 1975)bInformazioni Mcs, Anno 18-N.01 (Gennaio 1975) a1a ed. aVICENZAbINFORMAZIONI MCSc1975 bPaulus - SPICS - Società San Paolo EM (non-commercial uses only)cCopyright2015 a40 p. aMENSILE aANNO 018, N.01 (GENNAIO 1975) aSchede Critiche dei Film: Anno Uno, Se gli Altri Sparano Io che C'Entro?, Truman Capote: la Corruzione il Vizio e la Violenza, L'Imperatore del Nord,Qui Montecarlo Attenti a Quei Due, un Uomo Libero, L'Accusa E': Violenza Carnale e Omicidio, L'Uomo Termin aCINEMAvPUBBLICAZIONE PERIODICA cCR c139333d139333 0010406R_022_42999000000000071aSPICSbSPICSd2015-11-25l0oR022/42999r2015-11-25 00:00:00w2015-11-25yCRzProgr. Ins: 27848 / Copia rara: NO / date import: 25.11.2015 / By Epidotti, Trombetti, Vaglietti